Movies Quiz

Random Movies or Clickable Quiz

Finish the Disney Quote II Quiz Stats

Quiz Updated Aug 5, 2015

Challenge
Share
Tweet
Embed
Score 0/24 Timer 07:00
10 Plays Today
% Correct
those stars
91.3%
the baby's room
90.5%
the west wing
90.4%
the kingdom
88.9%
China
87.2%
a gorilla's nest
86.9%
the belly of a whale
86.1%
the pit from whence you came
84.4%
a wishing well
83.1%
somebody else's lake
81.9%
the New World
81%
Thebes
79.1%
% Correct
the shortcut
78.6%
the cave
77.9%
Nottingham
76.5%
the Bayou
76.1%
this pyramid
74.4%
the forest
72.5%
Paris
71.9%
the meadow
67.5%
Mermaid Lagoon
66.2%
the home
65.5%
the road
61.4%
London town
53.3%

You're not logged in!

Compare scores with friends on all Sporcle quizzes.
Join for Free
OR
Log In

You Might Also Like...

Show Comments

Extras

Top Quizzes Today


Score Distribution

Your Account Isn't Verified!

In order to create a playlist on Sporcle, you need to verify the email address you used during registration. Go to your Sporcle Settings to finish the process.

Report this User

Report this user for behavior that violates our Community Guidelines.

Details: